| 000 | 01006 a2200217 4500 | ||
|---|---|---|---|
| 001 | 47461 | ||
| 005 | 20260407155741.0 | ||
| 008 | 260407a1976 arg spa d | ||
| 003 | AR-UNSa-BCEJYS | ||
| 040 |
_aAR-UNSa-BCEJYS _bspa _cAR-UNSa-BCEJYS |
||
| 080 |
_a330.8 _xHistoria de las teorías, Doctrinas, Dogmas económicos (pensamiento económico) |
||
| 245 | 1 | 0 |
_aEpistemica y economía _pcrítica de las doctrinas económicas |
| 020 | _a84-375-0102-4 | ||
| 264 | 1 |
_aMéxico : _bFondo de Cultura Económica _c1976 |
|
| 300 |
_a528 p. _c21 cm. |
||
| 505 | _a1. Teoría económica y esquema de las cosas cabales - 2. El surgimiento del ideal racional - 3. La disolución del ideal racional - 4. Estática: El rechazo del tiempo - 5. Diacronismo: El artificio del tiempo - 6. Epistémica y axiomática. | ||
| 942 | _cBK | ||
| 590 | _aniveau_biblio:m niveau_hierar:0 | ||
| 100 | 1 | _aShackle, G.L.S. | |
| 856 | 4 | 1 |
_uhttps://www.biblioeco.unsa.edu.ar/pmb/images/libros/L127508.jpg _yImagen de portada _qimage/jpeg |
| 999 |
_c4365 _d4365 |
||